000 00732nam a22002172 4500
001 0000002637
005 20151217161131.0
008 070417s xx 000 0 eng d
020 _cKES 950
040 _aKABU
_cKABU
050 0 _aPE1628
_b.N49 2000
245 1 4 _aThe New international Webster's student dictionary of the English language /
_cedited by Sidney I. Landau.
260 _aNew Delhi :
_bCBS Publications,
_c2000.
300 _axxv, 863 p.
650 0 _aEnglish language
_vDictionaries.
_@0000148334
700 1 _aLandau, Sidney.
_@0000152080
908 _a070417
950 _@1
999 _c14913
_d14913